000 00419nam a2200145Ia 4500
008 220217s9999 xx 000 0 und d
245 0 _aRubber, vulcanized- Determination of the effect of liquids
260 _aSwitzerland
260 _c1999
_bInternational Organization for Standardization
490 _aISO
500 _aStandard number: ISO 1817
650 _aLiquids
650 _aVulcanised rubber
942 _cST
999 _c74046
_d74046